[Event "Oskarja Memorial 10th"]
[Site "Chess.com INT"]
[Date "2021.01.16"]
[Round "14"]
[White "Besek, Damir"]
[Black "Garic, Mario"]
[Result "1-0"]
[WhiteElo "1828"]
[BlackElo "1672"]
[PlyCount "29"]
[EventDate "2021.01.16"]
[EventType "swiss (blitz)"]
[EventRounds "15"]
[EventCountry "SLO"]
[SourceTitle "CBM 200 Extra"]
[Source "ChessBase"]
[SourceDate "2021.03.31"]
[SourceVersion "1"]
[SourceVersionDate "2021.03.31"]
[SourceQuality "1"]

1. e4 c5 2. d4 cxd4 3. c3 d5 4. Qxd4 dxe4 5. Qxe4 Nf6 6. Qc2 Nc6 7. Be3 e5 8. Nf3 Bd6 9. Nbd2 0-0 10. 0-0-0 Qc7 11. Ne4 Nxe4 12. Qxe4 f5 13. Qd5+ Kh8 14. Qxd6 f4 15. Qxf8# 1-0

[Event "Oskarja Memorial 10th"]
[Site "Chess.com INT"]
[Date "2021.01.16"]
[Round "13"]
[White "Besek, Damir"]
[Black "Novak, Biserka"]
[Result "1-0"]
[WhiteElo "1828"]
[BlackElo "1190"]
[PlyCount "45"]
[EventDate "2021.01.16"]
[EventType "swiss (blitz)"]
[EventRounds "15"]
[EventCountry "SLO"]
[SourceTitle "CBM 200 Extra"]
[Source "ChessBase"]
[SourceDate "2021.03.31"]
[SourceVersion "1"]
[SourceVersionDate "2021.03.31"]
[SourceQuality "1"]

1. e4 b6 2. d4 Bb7 3. Bd3 g6 4. Nf3 Bg7 5. 0-0 d6 6. c4 Nf6 7. Nc3 0-0 8. Qe2 e6 9. Bg5 Qd7 10. e5 dxe5 11. dxe5 Ng4 12. Rfd1 Qc6 13. b3 Qc5 14. Ne4 Qb4 15. Rab1 Nc6 16. Bd2 Qe7 17. Nfg5 Ngxe5 18. Bc2 h6 19. Nf3 Nxf3+ 20. Qxf3 Ne5 21. Qe2 Qf6 22. Nxf6+ Bxf6 23. Bc3 1-0

[Event "Oskarja Memorial 10th"]
[Site "Chess.com INT"]
[Date "2021.01.16"]
[Round "8"]
[White "Besek, Damir"]
[Black "Persl, Bojan"]
[Result "0-1"]
[WhiteElo "1828"]
[BlackElo "2010"]
[PlyCount "76"]
[EventDate "2021.01.16"]
[EventType "swiss (blitz)"]
[EventRounds "15"]
[EventCountry "SLO"]
[SourceTitle "CBM 200 Extra"]
[Source "ChessBase"]
[SourceDate "2021.03.31"]
[SourceVersion "1"]
[SourceVersionDate "2021.03.31"]
[SourceQuality "1"]

1. e4 c5 2. d4 cxd4 3. c3 dxc3 4. Nxc3 d6 5. Bf4 e6 6. Bc4 Qc7 7. Qe2 a6 8. Nf3 Nc6 9. 0-0 Nge7 10. Rac1 Ng6 11. Be3 b5 12. Bb3 Bb7 13. Nd5 exd5 14. exd5 Be7 15. dxc6 Bc8 16. Nd4 0-0 17. Rc2 Bf6 18. Rd1 Ne5 19. h3 Re8 20. f4 Nc4 21. Bxc4 bxc4 22. Qd2 Rb8 23. Rxc4 d5 24. Rc2 Re4 25. g3 Bxh3 26. Bf2 Rbe8 27. Qd3 Bf5 28. Qc3 Bg4 29. Rdd2 h5 30. Qc5 h4 31. Qxd5 hxg3 32. Bxg3 Qb6 33. Rc5 Qb4 34. Nc2 Qxb2 35. c7 Qc1+ 36. Kg2 Re2+ 37. Bf2 Rxd2 38. Qe4 Rxe4 0-1